From Reading to Writing: A Reader and Rhetoric, (Record no. 4975)

MARC details
005 - DATE AND TIME OF LATEST TRANSACTION
control field 20250625092801.0
020 ## - INTERNATIONAL STANDARD BOOK NUMBER
International Standard Book Number 0-13-780537-3
082 ## - DEWEY DECIMAL CLASSIFICATION NUMBER
Classification number 808STE
100 ## - MAIN ENTRY--PERSONAL NAME
Author name STEVEN. L.
245 ## - TITLE STATEMENT
Title From Reading to Writing: A Reader and Rhetoric,
250 ## - EDITION STATEMENT
Edition statement 2nd Ed.
260 ## - PUBLICATION, DISTRIBUTION, ETC.
Place of publication, distribution, etc. New York,
Name of publisher, distributor, etc. Prentice Hall Allyn,
Date of publication, distribution, etc. 1989.
300 ## - PHYSICAL DESCRIPTION
Extent x, 293, ill,;
Other physical details Index
Dimensions 23cm
700 ## - ADDED ENTRY--PERSONAL NAME
Other authors/Editors PARKER, D. H.
942 ## - ADDED ENTRY ELEMENTS (KOHA)
Source of classification or shelving scheme Dewey Decimal Classification
Koha item type Books
Holdings
Date last seen Total checkouts Full call number Barcode Cost, replacement price Price effective from Koha item type Lost status Source of classification or shelving scheme Damaged status Not for loan Withdrawn status Home library Current library Shelving location Date acquired Cost, normal purchase price
06/25/2025   808STE DOM0002879 16500.00 06/25/2025 Books   Dewey Decimal Classification       CBE Dodoma CBE Dodoma General Collection 07/24/1992 5500.00